| 000 | 01217nam a2200337Ia 4500 | ||
|---|---|---|---|
| 001 | dia_1765 | ||
| 003 | CHAP | ||
| 005 | 20251021151331.0 | ||
| 008 | 220117s1970 xx 000 0 und d | ||
| 010 | _a172303 | ||
| 040 | _cCHAP | ||
| 082 | _a338.1 B64 1970 | ||
| 100 |
_aBohr, K. A. _9151523 |
||
| 245 |
_aLa evaluación de proyectos agrícolas : estudio de algunos aspectos económicos y financieros / _c K. A. Bohr |
||
| 260 |
_aMéxico : _b ENA, _c1970 |
||
| 300 | _a51 h. | ||
| 400 | _aCURSO INTERAMERICANO DE ADMINISTRACIÓN GUBERNAMENTAL DEL SECTOR AGRÍCOLA | ||
| 500 | _aEn portada: "Tomado de la publicación de la OEA como material de consulta para este curso" | ||
| 503 | _aD. | ||
| 590 | _aHD1417 B64 1970 | ||
| 650 |
_aAgricultura _xAspectos económicos |
||
| 650 |
_aAgricultura _xEnseñanza _9151524 |
||
| 650 |
_aAgricultural development projects _9149671 |
||
| 650 |
_aAgriculture _xEconomical aspects _9147583 |
||
| 650 |
_aAgriculture _xInstruction and study _9151525 |
||
| 650 |
_aProyectos agrícolas _xEvaluación _9148196 |
||
| 901 | _a338.1 B64 1970 | ||
| 902 | _aM | ||
| 905 | _a5232271970 mx X 8226223322spa16 | ||
| 942 |
_cLIBRO _2ddc |
||
| 999 |
_c172303 _d172303 |
||